000 01369cam a22004214i 4500
003 PE-LiUPU
005 20250731173216.0
008 150625s r 000 0 d
035 _a(Sirsi) a33061
040 _aPE-LiUPU
_bspa
_cPE-LiUPU
_erda
049 _aPRUA
082 0 4 _a225.561
_bF771b
_221
130 _aBiblia.
_pNuevo Testamento
_lEspañol
_sBiblia las Américas
_f1973.
245 1 3 _aLa Biblia de las Americas. El Nuevo Testamento :
_bCon referencias y notas /
_cThe Lockman Foundation.
250 _aPrimera edición
264 1 _aLa Habra, California :
_bFoundation Press Publications,
_c1973.
300 _a733 páginas ;
_c19 centímetros.
336 _atext
_2rdacontent
337 _aunmediated
_2rdamedia
338 _avolume
_2rdacarrier
505 0 _aDesde Mateo hasta Apocalipsis.
526 _aSEG42
526 _aSEG41
526 _aSEG40
526 _aSEG39
526 _aP94
526 _aP87
526 _aP86
526 _aP85
526 _aP77
526 _aP76
526 _aP35
630 0 4 _aBiblia.
_pNuevo Testamento
_lEspañol
_sBiblia de las Américas
_f1973
942 _2ddc
_cBK
949 _a225 B46
_wDEWEY
_c1
_i16314
_lCCODEBUL1
_mBUL
_p00.00
_r0
_sY
_tBOOK
_u2015-06-25
_xBIBLIOTECA
_zUNKNOWN
_0COMPRA
_o.STAFF. Colección General
999 _c40782
_d40782
980 _81
_gALBERTO SANCHEZ Responsable de Automatización